Population and development in the Third World

Αποθηκεύτηκε σε:
Λεπτομέρειες βιβλιογραφικής εγγραφής
Κύριος συγγραφέας: Findlay, Allan M.
Άλλοι συγγραφείς: Findlay, A. M.
Μορφή: Βιβλίο
Γλώσσα:English
Δημοσίευση: London : Methuen, 1987
Σειρά:Methuen introductions to development
Θέματα:
Ετικέτες: Προσθήκη ετικέτας
Δεν υπάρχουν, Καταχωρήστε ετικέτα πρώτοι!

MARC

LEADER 00000pam a2200000 i 4500
001 1/88256
008 950207s1987 eng d
020 |a 0-416-91950-2 
035 |l 10006912 
040 |a GR-MY-UA  |b gre  |e aacr 
041 0 |a eng 
082 0 |a 304.6091723 
100 1 |a Findlay, Allan M. 
245 1 0 |a Population and development in the Third World /  |c Allan Findlay and Anne Findlay 
260 |a London :   |b Methuen,   |c 1987 
300 |a xii, 84 p.;  |c 21 cm 
490 1 |a Methuen introductions to development 
504 |a bibliography: p. [78]-81. Includes index 
651 0 |a Developing countries  |x Population. 
651 0 |a Developing countries  |x Population policy. 
700 1 |a Findlay, A. M. 
830 0 |a Methuen introductions to development 
852 |a INST  |b LESVOS  |e 19950207  |h 304.6091723 FIN  |p 005100003021  |q 005100003021  |t BK  |y 0 
909 |a Λ  |b 010437